Statistics for Alice's Adventures in Wonderland - First 148 Words

Click here to take the quiz!

General Stats

  • This quiz has been taken 118 times
  • The average score is 97 of 148

Answer Stats

Answer% Correct
a
99%
Alice
99%
Alice,
99%
I
98%
the
92%
no
89%
be
88%
her.
88%
her
88%
in
88%
was
88%
"and
86%
and
86%
to
85%
she
84%
on
82%
of
80%
Rabbit
80%
it,
79%
it
79%
what
79%
do.
78%
is
78%
book
73%
book,"
73%
White
73%
with
72%
had
71%
There
71%
So
70%
so
70%
when
70%
by
68%
sister
68%
thought
67%
would
66%
that,
65%
(as
64%
as
64%
could,
64%
for
64%
reading,
64%
sitting
64%
very
63%
but
62%
late!"
61%
or
61%
say
61%
tired
61%
up
59%
get
58%
nothing
58%
out
58%
ran
58%
did
55%
beginning
54%
too
54%
pictures
53%
into
51%
much
51%
"without
51%
day
50%
hear
50%
having
49%
suddenly
48%
think
48%
bank,
47%
feel
47%
use
46%
mind
45%
Oh
42%
"Oh
42%
Once
42%
chain
41%
itself,
41%
made
41%
shall
41%
way
41%
getting
40%
sleepy
40%
daisy-
39%
eyes
39%
making
38%
own
38%
twice
38%
well
38%
dear!
37%
worth
37%
conversations
36%
conversations?"
36%
daisies,
36%
picking
35%
trouble
35%
nor
33%
peeped
33%
pink
33%
stupid),
33%
close
32%
pleasure
30%
whether
30%
considering
27%
remarkable
18%

Score Distribution

Percentile by Number Answered

Percent of People with Each Score

Your Score History

You have not taken this quiz